<?xml version="1.0" encoding="UTF-8"?><?xml-stylesheet type="text/xsl" href="static/style.xsl"?><OAI-PMH xmlns="http://www.openarchives.org/OAI/2.0/" xmlns:xsi="http://www.w3.org/2001/XMLSchema-instance" xsi:schemaLocation="http://www.openarchives.org/OAI/2.0/ http://www.openarchives.org/OAI/2.0/OAI-PMH.xsd"><responseDate>2026-04-29T17:31:58Z</responseDate><request verb="GetRecord" identifier="oai:riubu.ubu.es:10259/10790" metadataPrefix="marc">https://riubu.ubu.es/oai/request</request><GetRecord><record><header><identifier>oai:riubu.ubu.es:10259/10790</identifier><datestamp>2025-08-19T00:05:27Z</datestamp><setSpec>com_10259_7355</setSpec><setSpec>com_10259_7353</setSpec><setSpec>com_10259_2604</setSpec><setSpec>col_10259_10770</setSpec></header><metadata><record xmlns="http://www.loc.gov/MARC21/slim" xmlns:doc="http://www.lyncode.com/xoai" xmlns:xsi="http://www.w3.org/2001/XMLSchema-instance" xmlns:dcterms="http://purl.org/dc/terms/" xsi:schemaLocation="http://www.loc.gov/MARC21/slim http://www.loc.gov/standards/marcxml/schema/MARC21slim.xsd">
<leader>00925njm 22002777a 4500</leader>
<datafield tag="042" ind1=" " ind2=" ">
<subfield code="a">dc</subfield>
</datafield>
<datafield tag="720" ind1=" " ind2=" ">
<subfield code="a">Barrio Luna, Alejandra del</subfield>
<subfield code="e">author</subfield>
</datafield>
<datafield tag="720" ind1=" " ind2=" ">
<subfield code="a">Azofra Agustín, Eduardo</subfield>
<subfield code="e">author</subfield>
</datafield>
<datafield tag="720" ind1=" " ind2=" ">
<subfield code="a">Gil Rodrigo, Tomás</subfield>
<subfield code="e">author</subfield>
</datafield>
<datafield tag="260" ind1=" " ind2=" ">
<subfield code="c">2024-12</subfield>
</datafield>
<datafield tag="520" ind1=" " ind2=" ">
<subfield code="a">El Cristo de Burgos de Mateo Cerezo “el Viejo”, conservado en una colección privada de Salamanca, ha figurado hasta el momento de su reciente restauración como pieza oculta dentro del catálogo del autor. Esta obra está firmada por el pintor, que quizás la realizara, si la inscripción a grafito del bastidor es autógrafa, en Burgos, tocada del original, en enero de 1673</subfield>
</datafield>
<datafield tag="520" ind1=" " ind2=" ">
<subfield code="a">The ‘Christ of Burgos’ by Mateo Cerezo the Elder, now in a private collection in Salamanca, was until its recent restoration hidden in the artist’s catalogue. This work is signed by the painter, who perhaps made it, if the graphite inscription on the stretcher is autograph, in Burgos, touched from the original, in January 1673.</subfield>
</datafield>
<datafield tag="024" ind2=" " ind1="8">
<subfield code="a">2952-1084</subfield>
</datafield>
<datafield tag="024" ind2=" " ind1="8">
<subfield code="a">https://hdl.handle.net/10259/10790</subfield>
</datafield>
<datafield tag="024" ind2=" " ind1="8">
<subfield code="a">10.36443/sarmental.83</subfield>
</datafield>
<datafield tag="024" ind2=" " ind1="8">
<subfield code="a">2952-1084</subfield>
</datafield>
<datafield ind1=" " ind2=" " tag="653">
<subfield code="a">“Cristo de Burgos”</subfield>
</datafield>
<datafield ind1=" " ind2=" " tag="653">
<subfield code="a">Mateo Cerezo</subfield>
</datafield>
<datafield ind1=" " ind2=" " tag="653">
<subfield code="a">Restauración</subfield>
</datafield>
<datafield ind1=" " ind2=" " tag="653">
<subfield code="a">Salamanca</subfield>
</datafield>
<datafield tag="245" ind1="0" ind2="0">
<subfield code="a">Un “Cristo de Burgos” inédito de Mateo Cerezo "el Viejo" en Salamanca. Aproximación histórico-artística y restauración.</subfield>
</datafield>
</record></metadata></record></GetRecord></OAI-PMH>